000
00319nam a22001217a 4500
008
180222b xxu||||| |||| 00| 0 eng d
041
_a
eng
080
_a
33
100
_a
52
101
_a
EKO
245
_a
Facing Zero population growth: Reactions and interpretations, Past and Present
_c
Spengler,J.J
942
_2
udc
_c
BK
999
_c
43170
_d
43170